|
|
|
|
| LEADER |
00000nam0a2200000 4500 |
| 001 |
343611 |
| 005 |
20231102005558.0 |
| 010 |
|
|
|a 9785160119243
|
| 035 |
|
|
|a (RuTPU)RU\TPU\book\374021
|
| 090 |
|
|
|a 343611
|
| 100 |
|
|
|a 20191010d2019 m y0rusy50 ca
|
| 101 |
0 |
|
|a rus
|
| 102 |
|
|
|a RU
|
| 105 |
|
|
|a y j 001zy
|
| 200 |
1 |
|
|a Педагогика высшей школы
|e учебник
|f О. П. Околелов
|
| 210 |
|
|
|a Москва
|c Инфра-М
|d 2019
|
| 215 |
|
|
|a 187 с.
|
| 225 |
1 |
|
|a Высшее образование - Магистратура
|
| 320 |
|
|
|a Библиогр. в конце гл.
|
| 330 |
|
|
|a Учебник содержит основы научных знаний по учебной дисциплине "Педагогика высшей школы" в соответствии с целями обучения, установленными программой и требованиями дидактики. В компактном виде изложены инновационные методики и инструментальные средства реализации в учебном процессе компетентностной модели обучения; педагогические технологии, обеспечивающие усиление роли воспитательной составляющей вузовского образовательного процесса. Предложенные в издании педагогические средства позволяют педагогу мягко и ненавязчиво овладеть профессиональным мастерством. Содержание учебника отвечает требованиям Федерального государственного образовательного стандарта высшего образования последнего поколения. Для преподавателей высшей школы, студентов магистратуры, аспирантов и слушателей образовательных организаций высшего образования и дополнительного профессионального педагогического образования, также может быть полезен студентам бакалавриата, обучающимся по педагогическим специальностям.
|
| 606 |
1 |
|
|a Педагогика высшей школы
|2 stltpush
|3 (RuTPU)RU\TPU\subj\48417
|9 67288
|
| 610 |
1 |
|
|a высшее образование
|
| 610 |
1 |
|
|a вузы
|
| 610 |
1 |
|
|a дидактика
|
| 610 |
1 |
|
|a учебно-воспитательный процесс
|
| 610 |
1 |
|
|a педагогические процессы
|
| 610 |
1 |
|
|a инновационные методы
|
| 610 |
1 |
|
|a вузовское образование
|
| 610 |
1 |
|
|a преподавание
|
| 610 |
1 |
|
|a дидактические технологии
|
| 610 |
1 |
|
|a педагогическое мастерство
|
| 610 |
1 |
|
|a преподавательская деятельность
|
| 610 |
1 |
|
|a дистанционное образование
|
| 610 |
1 |
|
|a виртуальное образовательное пространство
|
| 610 |
1 |
|
|a виртуальное обучение
|
| 610 |
1 |
|
|a дистанционное обучение
|
| 610 |
1 |
|
|a электронные учебные курсы
|
| 610 |
1 |
|
|a обучение
|
| 610 |
1 |
|
|a учебники
|
| 686 |
|
|
|a Ч481я73
|v LBC/SL-A
|2 rubbk
|
| 700 |
|
1 |
|a Околелов
|b О. П.
|g Олег Петрович
|
| 801 |
|
1 |
|a RU
|b 63413507
|c 20191010
|
| 801 |
|
2 |
|a RU
|b 63413507
|c 20191113
|g RCR
|
| 942 |
|
|
|c BK
|
| 959 |
|
|
|a 13/20191008
|d 1
|e 615,59
|f ЧЗГЛ:1
|